Teoría del discurso y derechos constitucionales /

La Cátedra Ernesto Garzón Valdés tiene como objetivo desarrollar e impulsar el pensamiento ético, político y jurídico-filosófico contemporáneo a través de conferencias anuales. Dicha Cátedra surge por iniciativa del Instituto Tecnológico Autónomo de México, la Universidad Autónoma Metropolitana-Azca...

Full description

Saved in:
Bibliographic Details
Corporate Author: Cátedra Ernesto Garzón Valdés ( México)
Other Authors: Alexy, Robert (autor) (autor), Vázquez, Rodolfo (coordinación) (coordinación), Zimmerling, Ruth (coordinación) (coordinación)
Format: Conference Proceeding Book
Language:Español
Published: México : Fontamara, 2007, c2005
Subjects:
Tags: Add Tag
No Tags, Be the first to tag this record!

MARC

LEADER 00000nam^a2200000^a^4500
001 000304656
005 20250521000000.0
009 20260310112725.041
020 |a 968-476-511-8 
037 |a Acervo ITESO - Biblioteca 
041 |a ESP 
082 |a 340. 1  |b CAT 2004 
111 |a Cátedra Ernesto Garzón Valdés (  |n 2° :  |d 2004 :  |c México) 
240 1 1 |a [Cátedra Ernesto Garzón Valdés] 
245 1 3 |a Teoría del discurso y derechos constitucionales /  |c R. Alexy ; coord. de R. Vázquez, R. Zimmerling. 
264 4 |a México :  |b Fontamara,  |c 2007, c2005 
300 |a 156 p. 
336 |a texto  |b txt  |2 rdacontenido 
337 |a sin mediación  |b n  |2 rdamedio 
338 |a volumen  |b nc  |2 rdasoporte 
520 |a La Cátedra Ernesto Garzón Valdés tiene como objetivo desarrollar e impulsar el pensamiento ético, político y jurídico-filosófico contemporáneo a través de conferencias anuales. Dicha Cátedra surge por iniciativa del Instituto Tecnológico Autónomo de México, la Universidad Autónoma Metropolitana-Azcapotazalco, la Escuela Libre de Derecho y el Instituto de Ciencias Penales. En la presente edición el jurista Robert Alexy analiza los derechos constitucionales, el sistema jurídico y la ponderación; se incluye también el ensayo de la tolerancia de Ernesto Garzón. 
649 |a XX 
650 |a Tolerancia e Intolerancia 
650 |a Control Constitucional 
650 |a Constitucionalismo 
650 |a Derechos Humanos 
650 |a Derecho Constitucional -  |x Teoría -  |x Tema Principal 
650 |a Derecho -  |x Filosofía 
650 |a Derecho -  |x Teoría 
700 |a Alexy, Robert  |e (autor) 
700 |a Vázquez, Rodolfo  |e (coordinación) 
700 |a Zimmerling, Ruth  |e (coordinación) 
910 |a Fondo General 
920 |a Impresos - Libros 
930 |a Colección General 
905 |a 101 
901 |a 0500191008  |b IT1  |c ACC  |i C125152  |u 20250521 
902 |a https://opac.biblio.iteso.mx/vufind/Record/000304656